000 00771nam a22002177a 4500
005 20251108165926.0
008 250721s2000 xx 000 0 ara d
082 1 4 _a658.8/است
100 1 _aميتر، بول
245 1 0 _aإستثمار الإبداع في عالم الأعمال من الفكرة إلى المنتج /
264 1 _aدمشق :
_bدار الرضا،
_c2000.
300 _a285ص
490 0 _aسلسلة الرضا للنشر ؛53
500 _aكتاب أبو علندا الذي يحمل رقم باركود pld00060889 له رقم متسلسل وهو مكرر
650 1 7 _aالتسويق
650 1 7 _aالمستهلك
700 1 _aميجل، جاك
700 1 _aعلي، حسين
_eترجمة
942 _2ddc
_cBK
999 _c34973
_d34973